Films de Gaspar Noé par image - Statistiques

Statistiques générales
  • Ce quiz a été pris 10 fois
  • Le résultat moyen est 5 sur 7
Statistiques - réponses
Par images Réponse % Correct
Irréversible
100%
Enter the void
89%
Climax
78%
Love
67%
Vortex
67%
Lux Æterna
44%
Seul contre tous
44%
Aucun quiz correspondant
Distribution des résultats
% des personnes avec chaque résultat
Percentile par nombre de réponses
Votre historique - résultats
Vous n’avez pas pris ce quiz